Human papillomaviruses : (Record no. 4149)

MARC details
000 -LEADER
fixed length control field 01446cam a22003617a 4500
001 - CONTROL NUMBER
control field 12631576
003 - CONTROL NUMBER IDENTIFIER
control field OSt
005 - DATE AND TIME OF LATEST TRANSACTION
control field 20160525165911.0
008 - FIXED-LENGTH DATA ELEMENTS--GENERAL INFORMATION
fixed length control field 011228s2001 enka b 001 0 eng d
010 ## - LIBRARY OF CONGRESS CONTROL NUMBER
LC control number 2001279369
015 ## - NATIONAL BIBLIOGRAPHY NUMBER
National bibliography number GBA0-Y1735
020 ## - INTERNATIONAL STANDARD BOOK NUMBER
International Standard Book Number 0340742151
035 ## - SYSTEM CONTROL NUMBER
System control number (OCoLC)ocm43969142
040 ## - CATALOGING SOURCE
Original cataloging agency UKM
Transcribing agency UKM
Modifying agency OCLCQ
-- COU
-- DLC
042 ## - AUTHENTICATION CODE
Authentication code lccopycat
050 00 - LIBRARY OF CONGRESS CALL NUMBER
Classification number RC168.P15
Item number H865 2001
082 00 - DEWEY DECIMAL CLASSIFICATION NUMBER
Classification number QW 1655
Edition number 21
Item number H883 2001
245 00 - TITLE STATEMENT
Title Human papillomaviruses :
Remainder of title clinical and scientific advances /
Statement of responsibility, etc. edited by Jane C. Sterling and Stephen K. Tyring.
260 ## - PUBLICATION, DISTRIBUTION, ETC. (IMPRINT)
Place of publication, distribution, etc. London ;
-- New York :
Name of publisher, distributor, etc. Arnold ;
Place of publication, distribution, etc. New York :
Name of publisher, distributor, etc. Distributed in the United States of America by Oxford University Press,
Date of publication, distribution, etc. 2001.
300 ## - PHYSICAL DESCRIPTION
Extent vi, 153 p. :
Other physical details col.ill;
Dimensions 31 cm.
504 ## - BIBLIOGRAPHY, ETC. NOTE
Bibliography, etc Includes bibliographical references and index.
650 #0 - SUBJECT ADDED ENTRY--TOPICAL TERM
Topical term or geographic name as entry element Papillomaviruses
General subdivision Health aspects.
9 (RLIN) 8933
650 #2 - SUBJECT ADDED ENTRY--TOPICAL TERM
Topical term or geographic name as entry element Papillomavirus, Human.
9 (RLIN) 8934
650 #2 - SUBJECT ADDED ENTRY--TOPICAL TERM
Topical term or geographic name as entry element Papovaviridae Infections.
9 (RLIN) 8935
650 #4 - SUBJECT ADDED ENTRY--TOPICAL TERM
Topical term or geographic name as entry element Papillomaviruses.
9 (RLIN) 8936
700 1# - ADDED ENTRY--PERSONAL NAME
Personal name Sterling, Jane.
9 (RLIN) 8937
700 1# - ADDED ENTRY--PERSONAL NAME
Personal name Tyring, Stephen K.
9 (RLIN) 8938
856 41 - ELECTRONIC LOCATION AND ACCESS
Materials specified Table of contents only
Uniform Resource Identifier http://www.loc.gov/catdir/enhancements/fy0611/2001279369-t.html
856 42 - ELECTRONIC LOCATION AND ACCESS
Materials specified Publisher description
Uniform Resource Identifier http://www.loc.gov/catdir/enhancements/fy0611/2001279369-d.html
906 ## - LOCAL DATA ELEMENT F, LDF (RLIN)
a 7
b cbc
c copycat
d 2
e ncip
f 20
g y-gencatlg
942 ## - ADDED ENTRY ELEMENTS (KOHA)
Source of classification or shelving scheme Dewey Decimal Classification
Koha item type Open Shelf
Holdings
Withdrawn status Lost status Source of classification or shelving scheme Damaged status Not for loan Home library Current library Date acquired Inventory number Total Checkouts Full call number Barcode Date last seen Price effective from Koha item type
    Dewey Decimal Classification     MUST Main Library MUST Main Library 25/05/2016 2006/26327   QW 1655 H883 2001 2016-2118 25/05/2016 25/05/2016 Open Shelf